Statistics for Slavic Language Family

Click here to take the quiz!

General Stats

  • This quiz has been taken 175 times
  • The average score is 20 of 35

Answer Stats

HintAnswer% Correct
East Slavic subdivisionsRussian
96%
Subdivisions of second onePolish
93%
Serbo-Croatian
93%
Ukrainian
93%
Subdivisions of first oneBulgarian
92%
Subdivisions of first oneCzech
92%
Slovak
91%
Subdivisions of upCroatian
88%
Serbian
88%
Macedonian
87%
Belarusian
86%
Bosnian
86%
Subdivisions of second oneSlovene
77%
Dialect of upMontenegrin
76%
East Slavic
60%
South Slavic
60%
Three Slavic subdivisionsWest Slavic
60%
Primary Language FamilyIndo-European
57%
Sorbian
55%
Dialects of upKashubian
52%
Subdivision of upBalto-Slavic
50%
Silesian
50%
Rusyn
48%
South Slavic subdivisionsEastern
39%
Western
39%
Moravian
24%
Pomeranian
23%
Old Church Slavonic
22%
Ruthenian
22%
Lechitic
20%
West Slavic subdivisionsCzech-Slovak
19%
Lower Sorbian
19%
Subdivisions of third oneUpper Sorbian
19%
Polabian
15%
Slovincian
6%

Score Distribution

Percentile by Number Answered

Percent of People with Each Score

Your Score History

You have not taken this quiz